000 00836nam a2200241Ia 4500
003 GCL
008 140319s9999 xx 000 0 ara d
040 _aGCL /
_cGCL
082 0 4 _a962.064
_bف ع
100 1 _aفتحى الديب
245 1 0 _aعبدالناصر وثورة الجزائر /
_cفتحى الديب
260 _aالقاهرة :
_bدار المستقبل العربى ،
_c1990
300 _a726 ص ؛
_c25سم
490 _a
650 0 4 _aالاحوال السياسية
650 0 4 _aالسياسة الخارجية
650 0 4 _aثورة 23 يوليو 1952
650 0 4 _aالاحتلال الفرنسى
650 0 4 _aجمال عبدالناصر
650 0 4 _aمصر - تاريخ - العصر الحديث (1805 - 1956 )
650 0 4 _aالجزائر - تاريخ - الاستقلال
942 _2ddc
_cBK
999 _c52836
_d52836